Periodic differential equations ; an introduction to Mathieu, Lamé, and allied functions /

Guardado en:
Autor Principal: Arscott, F. M.
Formato: Libro
Idioma:English
Publicado: New York : Macmillan, 1964.
Series:International series of monographs in pure and applied mathematics ; v. 66
Materias:
Etiquetas: Agregar Etiqueta
Sin Etiquetas, Sea el primero en etiquetar este registro!
LEADER 00785cam a22002171a 4500
001 MAT.inmabb005507
008 720707s1964####nyua#####b####000#0#eng##
005 20130328202053.0
245 1 0 |a Periodic differential equations ;  |b an introduction to Mathieu, Lamé, and allied functions /  |c by F.M. Arscott. 
260 |a New York :  |b Macmillan,  |c 1964. 
300 |a x, 283 p. :  |b il. ;  |c 23 cm. 
440 0 |a International series of monographs in pure and applied mathematics ;  |v v. 66 
504 |a Incluye referencias bibliográficas. 
510 4 |a MR,  |c 30 #4006 
100 1 |a Arscott, F. M. 
650 0 |a Differential equations. 
650 0 |a Harmonic functions. 
084 |a 33E10  |2 msc2000 
010 |a  62008703  
040 |a DLC  |c ODaWU  |d OCoLC  |d DLC 
859 |h 33  |i Ar781  |p A-2626  |b BIB. MATEMATICA